000 00692pam a2200229 a 4500
001 3432161
005 20260327184005.0
008 910422s1992 nyua b 001 0 eng
020 _a0070708169
020 _a9780070708167
050 0 0 _aP90
_b.W494 1992
082 0 0 _a302.23
_220
100 1 _aWilson, Stan Le Roy.
245 1 0 _aMass media/mass culture :
_ban introduction /
_cStan Le Roy Wilson.
250 _a2nd ed.
260 _aNew York :
_bMcGraw-Hill, Inc.,
_cc1992.
300 _axvii, 460 p. :
_bill. (some col.) ;
_c24 cm.
440 0 _aMcGraw-Hill series in mass communication
650 0 _aMass media.
650 0 _aCommunication and culture.
942 _2lcc
_cBK
_e2nd Ed.
_n0
999 _c9186
_d9186